| 000 | 00846nam a2200277Ia 4500 | ||
|---|---|---|---|
| 003 | OSt | ||
| 005 | 20221005093607.0 | ||
| 006 | a|||||r|||| 00| 0 | ||
| 007 | ta | ||
| 008 | 221004b |||||||| |||| 00| 0 eng d | ||
| 020 | _a0822303868 | ||
| 024 | _a34450 | ||
| 037 | _cTextual | ||
| 040 |
_aCRL _cCRL _beng |
||
| 041 |
_2eng _aeng |
||
| 082 | _aO111,3M99:g, L5 | ||
| 100 |
_aBenson Jackson J Ed. _9618584 |
||
| 110 |
_aGift from Prof Amitava Banerjee, England _9579674 |
||
| 245 | 0 |
_aShort stories of Ernest Hemingway _b Critical essays |
|
| 260 |
_aNorth _bCarolina Duke University Press _c1975 |
||
| 300 |
_a375p. _ccm. |
||
| 650 | _aENGLISH LITERATURE | ||
| 700 |
_aGift from Prof Amitava Banerjee, England _9579675 |
||
| 942 |
_hO111,3M99:g, L5 _cTEXL _2cc |
||
| 999 |
_c1000692 _d1000692 |
||